| 000 | 00993cam a2200361 4500 | ||
|---|---|---|---|
| 001 | ABS67146 | ||
| 008 | 031030n2003 000 0 eng u | ||
| 035 | _a(Sirsi) u124198 | ||
| 245 | _aFocus 2003: M25 south-east quadrant | ||
| 260 | _c2003 | ||
| 490 |
_aEstates Gazette _v(0340) 4 October 2003, 99-121(11) |
||
| 590 | _aABS | ||
| 650 | _aPROPERTY-COMMERCIAL PROPERTY-OFFICE PROPERTY-OFFICE PROPERTY MARKET | ||
| 650 | _aINDUSTRIAL MARKET | ||
| 650 | _aPROPERTY-COMMERCIAL PROPERTY-RETAIL PROPERTY-RETAIL PROPERTY MARKET | ||
| 650 | _aRENTS | ||
| 650 | _aAVAILABILITY | ||
| 650 | _aM25 | ||
| 650 | _aSOUTHEAST ENGLAND | ||
| 650 | _aCROYDON | ||
| 650 | _aORPINGTON | ||
| 650 | _aREDHILL | ||
| 650 | _aREIGATE | ||
| 650 | _aDARTFORD | ||
| 650 | _aBROMLEY | ||
| 650 | _aSEVENOAKS | ||
| 650 | _aSIDCUP | ||
| 650 | _aCRAWLEY | ||
| 650 | _aGATWICK | ||
| 650 | _aTHAMES GATEWAY | ||
| 690 | _aPROPERTY-COMMERCIAL PROPERTY-COMMERCIAL PROPERTY MARKET | ||
| 942 | _n0 | ||
| 999 |
_c73726 _d73726 |
||